Sivandana : (Record no. 123917)

MARC details
000 -LEADER
fixed length control field 00701nam a22002297a 4500
005 - DATE AND TIME OF LATEST TRANSACTION
control field 20170124105932.0
010 ## - LIBRARY OF CONGRESS CONTROL NUMBER
LC control number 469891
020 ## - INTERNATIONAL STANDARD BOOK NUMBER
Terms of availability 05.00
035 ## - SYSTEM CONTROL NUMBER
System control number 469891
037 ## - SOURCE OF ACQUISITION
Source of stock number/acquisition Cen Lib/Ret
040 ## - CATALOGING SOURCE
Original cataloging agency DPL
Language of cataloging EN
082 ## - DEWEY DECIMAL CLASSIFICATION NUMBER
Classification number 230.35
Item number JOY
100 ## - MAIN ENTRY--PERSONAL NAME
Personal name Jyoti, Divya Jivana
9 (RLIN) 8525
245 ## - TITLE STATEMENT
Title Sivandana :
Statement of responsibility, etc by Divya Jivana Jyoti
Remainder of title my god /
260 ## - PUBLICATION, DISTRIBUTION, ETC. (IMPRINT)
Place of publication, distribution, etc Uttrakhand
Name of publisher, distributor, etc The Yoga- Vedanta Forest University
Date of publication, distribution, etc 1957
270 ## - ADDRESS
Address Ananda Kutir, P.O. Sivanandannagar. Rishikesh
City Uttrakhand
300 ## - PHYSICAL DESCRIPTION
Extent xlviii;433p. :
Dimensions 17cm(Hb)
Other physical details ill.
490 ## - SERIES STATEMENT
Series statement Jubilee Series No. 15
650 ## - SUBJECT ADDED ENTRY--TOPICAL TERM
Topical term or geographic name as entry element Hinduism
9 (RLIN) 109637
650 ## - SUBJECT ADDED ENTRY--TOPICAL TERM
Topical term or geographic name as entry element Religion- Hinduism
9 (RLIN) 109638
942 ## - ADDED ENTRY ELEMENTS (KOHA)
Source of classification or shelving scheme Dewey Decimal Classification
Koha item type English Books
Classification part 230.35
Call number suffix JOY
Holdings
Withdrawn status Lost status Damaged status Not for loan Home library Current library Date acquired Source of acquisition Cost, normal purchase price Total Checkouts Full call number Barcode Date last seen Copy number Cost, replacement price Price effective from Koha item type Public note
Written off       Central Library Central Library 12/06/2015 Cen Lib/Ret 5.00   230.35 JOY 469891 12/06/2015 1 5.00 12/06/2015 English Books W/d List No. 6894/2 ; dtd 17/10/2020

© Delhi Public Library
Hit Counter
free hit counter